MARC

LEADER 00000nam0a2200000 4500
001 332082
005 20231102004424.0
035 |a (RuTPU)RU\TPU\book\357981 
035 |a RU\TPU\book\357979 
090 |a 332082 
100 |a 20170516d1978 k y0rusy5003 ca 
101 0 |a rus 
102 |a UA 
105 |a a z 001zy 
200 1 |a Технология и автоматизация производств основной химической промышленности  |e [сборник]  |f Государственный научно-исследовательский и проектный институт основной химии (НИОХИМ) ; под ред. Б. А. Шихова , В. В. Щетинского 
210 |a Харьков  |c Изд-во НИОХИМ  |d 1978 
215 |a 106, 8 с.  |c ил. 
225 1 |a Труды Государственного научно-исследовательского и проектного института основной химии (НИОХИМ)  |v Т. 48 
320 |a Библиография в конце статей 
606 1 |a Химико-технологические процессы  |x Автоматизация  |2 stltpush  |3 (RuTPU)RU\TPU\subj\31015  |9 53995 
610 1 |a исследования 
610 1 |a кальцинированная сода 
610 1 |a производственные процессы 
610 1 |a моделирование 
610 1 |a метрология 
610 1 |a измерительная техника 
675 |a 66.012-52  |z rus  |v 3 
702 1 |a Шихов  |b Б. А.  |4 340 
702 1 |a Щетинский  |b В. В.  |4 340 
712 0 2 |a Государственный научно-исследовательский и проектный институт основной химии (НИОХИМ)  |y Харьков  |z 1923-  |2 stltpush  |3 (RuTPU)RU\TPU\col\8114 
801 0 |a RU  |b RuMRKP  |c 19950704  |g psbo 
801 1 |a RU  |b 63413507  |c 20141114 
801 2 |a RU  |b 63413507  |c 20170601  |g RCR 
942 |c BK